00350pab a2200133 454500008004000000100001700040245006300057260000900120300001300129362001100142650002800153650002000181773001500201180718b2009 xxu||||| |||| 00| 0 eng d aRoy, Protiti aEconomic reforms in India: is there a political consensus? c2009 ap.23-27. a29 Aug aEconomic reform - India aEconomic reform aMainstream